00740nam a2200229 a 450000100060000000300080000600500170001400800410003102000210007203500190009304000270011204100080013908200220014710000320016924500370020125000200023826000480025830000250030650400530033150501020038465000240048673610BD-RjUL20211209082422.0170605r19701969enka b 001 0 d a0582442184 (v.2) a(BD-RjUL)73828 aWOOcWOObengdBD-RjUL aeng 223a547bFIO 19701 aFinar, I. L.q(Ivor Lionel)10aOrganic chemistry /cI.L. Finar. aE.L.B.S 4th ed. aLondon :bLongman,c1969[ Reprinted 1970 ]. av. :bill. ;c26 cm. aIncludes bibliographical references and indexes.0 av. 1 The fundamental principles -- v. 2 Stereochemistry and the chemistry of natural products -- 0aChemistry, Organic.